Loading...

A-in-i Akbari

Bibliographic Details
Main Author: Allami, Abu L Fazl
Format: Printed Book
Published: New Delhi Atlantic publishers 1989
Subjects:
LEADER 00466cam a2200157ua 4500
020 |a 817156-053-9 
082 |a 954.025 4  |b FAZ/A.3 
100 |a Allami, Abu L Fazl 
245 0 2 |a A-in-i Akbari  
260 |a New Delhi  |b Atlantic publishers  |c 1989 
300 |a . 
500 |a Includes index. 
650 0 |a India-History 
942 |c REF 
999 |c 8840  |d 8840 
952 |0 0  |1 0  |4 0  |6 954_025000000000000_4_FAZA  |7 0  |9 9219  |a KUCL  |b KUCL  |d 2014-05-23  |l 0  |o 954.025 4 FAZ/A.  |p 02161  |r 2017-03-09  |y REF